| 000 | 00610 a2200229 4500 | ||
|---|---|---|---|
| 001 | 066179 | ||
| 003 | OSt | ||
| 005 | 20210915150708.0 | ||
| 008 | |||
| 020 | _a0471433349 | ||
| 040 | _cCURAJ | ||
| 082 |
_a512.02 _bD89A |
||
| 100 | 1 | _aDummit, David S. | |
| 245 | 1 |
_aAbstract algebra _cby David S. Dummit and Richard M. Foote |
|
| 250 | _a3rd ed. | ||
| 260 |
_aNew Delhi _bWiley India _c2009, 2016 |
||
| 300 |
_a898p. _f932 p. with Acc. No.27747, 27748,27749 |
||
| 630 | _aMathematics | ||
| 690 | _aAlgebra, Abstract | ||
| 700 | _aFoote, Richard M. | ||
| 942 |
_2ddc _cBK |
||
| 999 |
_c357 _d357 |
||